000 00469nam a2200169Ia 4500
999 _c29554
_d29554
003 OSt
005 20210108121904.0
008 190216s9999||||xx |||||||||||||| ||und||
040 _coclc
082 _a894.812301
_bCHA/M
100 _aChandramati
_97950
245 0 _aMalli Ammaye /
_cChandramati
260 _bSaindava Books ,
_aKollam:
_c2008.
300 _a46p
650 _aKathakal
942 _cBK
_2ddc
_h894.812301
_iCHA/M
_k894.812301
_mCHA/M